000 00482nam a2200181 a 4500
001 1770285651967
003 YourLibrary
005 20260205153741.0
008 260205s2008##################000#0#eng##
020 _a9781845429027
082 0 4 _a333
_bBRO
100 1 _aBrouwer, Floor,
_eauthor.
245 1 0 _aSustainable Land Management :
260 _bEdward Elgar Publishing,
_c2008.
650 0 _aLand use, Rural.
942 _cENGLISH
040 _aYourLibrary
_beng
_cYourLibrary
999 _c610391
_d610391